000 00658nam a2200181Ia 4500
008 151018s9999 xx 000 0 und d
082 _bRBASDV37048
_a891.462
100 _aशारदाकुमार शिर्सेकर
245 _aखुनी षडयंत्र
250 _b1
260 _bत्रिदल प्रकाशन मुंबई
_c1996
300 _a72
600 _aशारदाकुमार शिर्सेकर
630 _aखुनी षडयंत्र
700 _aशारदाकुमार शिर्सेकर
730 _aखुनी षडयंत्र
942 _cBOOK
999 _c1036495
_d1036492